000 00605nam a2200217Ia 4500
003 OSt
005 20220918192425.0
006 a|||||r|||| 00| 0
007 ta
008 220917b |||||||| |||| 00| 0 eng d
024 _a68,294
037 _cTextual
040 _aARTS
_cARTS
_beng
041 _2eng
_aeng
082 _aR3xM61:9, K5
100 _aBurgers J M
_979109
245 0 _aExperience and conceptual activity
_b a philosophical essay based upon the writings of A N Whitehead
260 _c1965
942 _hR3xM61:9, K5
_cTEXL
_2CC
999 _c194465
_d194465